000 01280 a2200241 4500
001 41085
005 20260407155704.0
008 260407a2005 arg spa d
003 AR-UNSa-BCEJYS
040 _aAR-UNSa-BCEJYS
_bspa
_cAR-UNSa-BCEJYS
080 _a347.736
_xQuiebra. Insolvencia. Suspensión de pagos. Bancarrota, procedimientos. Derecho Concursal
245 1 0 _aConflictos en la insolvencia
_pAPE, verificación de créditos, extraña jurisdicción, dividendos y remanentes, recomposición patrimonial, extensión de la quiebra, exclusión del voto, propuestas abusivas
020 _a950-894-540-0
264 1 _aBuenos Aires :
_bAD-HOC
_c2005
300 _a498 p.
_c23 cm.
505 _a1. Acuerdo preventivo extrajudicial - 2. Verificación de créditos - 3. Protección concursal en extraña jurisdicción - 4. Caducidad de dividendos y remanente en la quiebra - 5. Acciones tendientes a la recomposición patrimonial del deudor. Extensión de quiebra - 6. Exclusión de voto - 7. Propuestas abusivas
041 _aspa
942 _cBK
590 _aniveau_biblio:m niveau_hierar:0
100 1 _aNissen, Ricardo Augusto
700 1 _aVítolo, Daniel Roque
856 4 1 _uhttps://biblioeco.unsa.edu.ar/pmb/images/libros/L126352.jpg
_yImagen de portada
_qimage/jpeg
999 _c3353
_d3353